00437pam a2200157a 44500008004100000020002500041082001800066100002300084245005100107250001200158260003200170300001100202700003600213906001100249999001900260230405s2009 xxu||||| |||| 00| 0 eng d a8184486758cRs. 1085 a610.7362bKHI aKhilnani, Praveen  aPractical Approach to Pediatric Intensive Care a2nd Ed. aNew DelhibJaypee Pubc2009 a1117 p aContributor - Vinay K. Aggarwal a000459 c249208d249208